南阳市行政区划图-区县级(Map of Nanyang) - Statistics

General Stats
  • This quiz has been taken 11 times
  • The average score is 10 of 13
Answers on the Map
Answers color-coded by a green-red scale on the quiz's map according to % correct below.
 
Answer Stats
区县 % Correct
卧龙区
100%
西峡县
100%
淅川县
100%
桐柏县
100%
宛城区
100%
南召县
75%
内乡县
75%
唐河县
50%
镇平县
50%
社旗县
50%
邓州市
50%
新野县
50%
方城县
50%
No matching quizzes found
Score Distribution
Percent of People with Each Score
Percentile by Number Answered
Your Score History
You have not taken this quiz